000
00347nam a2200145Ia 4500
008
100122s9999 xx 000 0 und d
082
_b
45285
_a
823
100
_a
MASSEY REGINALD
245
_a
THE IMMIGRANTS
260
_b
HIND POCKET BOOKS LTD
_c
1973
300
_a
172
630
_a
THE IMMIGRANTS
730
_a
THE IMMIGRANTS
942
_c
BOOK
999
_c
373676
_d
373673